[Event "DEN-chT26 B3 corr"]
[Site "Denmark"]
[Date "2001.??.??"]
[Round "?"]
[White "Larsen, Arne Scholler"]
[Black "Pedersen, Svend"]
[Result "0-1"]
[WhiteElo "1811"]
[BlackElo "2222"]
[PlyCount "62"]
[EventDate "2001.03.12"]
[EventType "team (corr)"]
[EventRounds "6"]
[EventCountry "DEN"]
[SourceTitle "Corr 2004"]
[Source "ChessBase"]
[SourceDate "2003.04.28"]
[SourceVersion "3"]
[SourceVersionDate "2003.04.28"]
[SourceQuality "1"]

1. Nf3 d6 2. g3 e5 3. d3 g6 4. Bg2 Bg7 5. c4 Nc6 6. Nc3 Nh6 7. 0-0 0-0 8. a3 f5 9. Qc2 Nf7 10. e3 Be6 11. b3 Ne7 12. Bb2 c6 13. Rad1 g5 14. d4 e4 15. Nd2 d5 16. f3 exf3 17. Rxf3 Qd7 18. Rf2 Ng6 19. Qd3 f4 20. gxf4 gxf4 21. exf4 Nh6 22. Ne2 Ng4 23. Rff1 Bf5 24. Qg3 Rae8 25. Rde1 Bf6 26. Nf3 Re3 27. cxd5 cxd5 28. Nc1 Bh4 29. Nxh4 Rxg3 30. hxg3 Nxh4 31. gxh4 Qd8 0-1